000 00869 a2200265 4500
005 20250212101804.0
020 _a9781772582284
050 0 0 _aHQ 755.8
_bFEM 2020
245 0 0 _aFeminist parenting /
_cedited by Salla,Rama Dieng and O'Reilly, Andrea
_bPerspectives from Africa and beyond /
264 1 _aBradford, ON :
_bDemeter Press,
_c2020
264 4 _c♭2016
300 _axi, 260 pages :
_billustrations ;
336 _atext
_btxt
_2rdacontent
337 _aunmediated
_bn
_2rdamedia
338 _avolume
_bnc
_2rdacarrier
504 _aIncludes bibliographical references.
650 0 _aParenting.
650 0 _aFeminism.
650 0 _aMothers.
650 0 _aMotherhood.
650 0 _aSex role.
700 1 _aO'R EILLY, Andrea
_d1962-
_eeditor
_eeditor.
942 _2lcc
_cBK
_h755.8
_iFEM
_kHQ
999 _c11479
_d11479